Cambridge Advanced Learner´s Dictionary (Registro nro. 9501)

Detalles MARC
000 -Cabecera
Campo de control de longitud fija 00387ntm a22001457a 4500
005 - Fecha y hora de la última transacción
Campo de control 20250207164251.0
008 - Elementos de longitud fija--Información general
Campo de control de longitud fija 170601b2005 xxu||||| |||| 00| 0 spa d
041 ## - Idioma
Código de idioma Inglés
082 ## - Clasificación Decimal Dewey
Número de clasificación R 423 C187c
245 ## - Título propiamente dicho
Título Cambridge Advanced Learner´s Dictionary
260 ## - Pie de imprenta
Lugar de publicación, distribución, etc. Estados Unidos
Nombre del editor, distribuidor, etc. Cambridge University Press
Fecha de publicación, distribución, etc. 2005
300 ## - Descripción física
Extensión 1572
650 ## - Materia general
Temática (materia general) DICCIONARIO INGLÉS
942 ## - Punto de acceso adicional KOHA
Tipo de ítem KOHA Referencia
Fuente del sistema de clasificación o colocación Dewey Decimal Classification
Existencias
Signatura completa Código de barras Tipo de ítem
R 423 C187c 12297 Referencia
R 423 C187c 5843 Referencia